01223cam a2200277 i 4500999001700000001000700017005001700024008004100041010001700082020002200099040001800121043002100139050002900160100002100189245011000210260005200320300004600372500016100418500002000579504003000599600005800629650004800687710004800735942003700783952012500820 c20814d2081440982320170120142158.0800617s1980 nyua bc 001 0 eng  a 80018588  a0870992473 (pbk.) aDLCcDLCdDLC aa-ja---an-us---00aNK9900.7 b.J3P44 19801 aPekarik, Andrew.10aJapanese lacquer, 1600-1900 :bselections from the Charles A. Greenfield collection /cAndrew J. Pekarik. aNew York :bMetropolitan Museum of Art,cc1980. a146 p. :bill. (some col.) ;c24 x 29 cm. a"Catalogue of an exhibition of selections from the Charles A. Greenfield collection, shown at the Metropolitan Museum of Art, September 4-October 19, 1980." aIncludes index. aBibliography: p. 139-141.10aGreenfield, Charles A.xArt collectionsxExhibitions. 0aLacquer and lacqueringzJapanxExhibitions.2 aMetropolitan Museum of Art (New York, N.Y.) 2lcccBOOKShNK9900.7 .J3P44 1980 00102lcc4070aMUCbMUCcGENd2017-01-20eDonation(BFA)l0oNK9900.7 .J3P44 1980p31078r2017-01-20w2017-01-20yBOOKS